000 00467nam a2200181Ia 4500
003 OSt
005 20241126110329.0
008 160523b xxu||||| |||| 00| 0 eng d
020 _a0851109896
040 _cgbc
082 _a266 CHE
100 _a"CHESTER, TIMOTHY"
245 _aAWAKENING TO A WORD OF NEED:
_bTHE RECOVERY OF EVANGELICAL SOCIAL CONCERN
260 _bINTER VERSITY PRESS,
_aLondon:
_cc1993
300 _a240p.
653 _aMissions
942 _2ddc
_cBK
999 _c72
_d72